Duration analysis : managing interest rate risk /

Bibliographic Details
Main Author: Bierwag, Gerald O.
Format: Book
Language:English
Published: Cambridge, Mass. : Ballinger, [1987]
Subjects:

MARC

Tag First Indicator Second Indicator Subfields
LEADER 00000cam a2200000 a 4500
001 in00000019472
005 20151007053627.0
008 861031s1987 maua b 00110 eng
010 |a  86028745  
020 |a 0887301169 
035 |a (OCoLC)14717042 
035 |9 AAB2283AM 
040 |a DLC  |c DLC  |d m/c  |d TXA  |d UtOrBLW 
049 |a TXAM  |c [A11061812] 
050 0 0 |a HG4515.3  |b .B54 1987 
082 0 |a 332.8/2  |2 19 
100 1 |a Bierwag, Gerald O. 
245 1 0 |a Duration analysis :  |b managing interest rate risk /  |c Gerald O. Bierwag. 
264 1 |a Cambridge, Mass. :  |b Ballinger,  |c [1987] 
264 4 |c ©1987 
300 |a xvi, 341 pages :  |b illustrations ;  |c 24 cm. 
336 |a text  |b txt  |2 rdacontent 
337 |a unmediated  |b n  |2 rdamedia 
338 |a volume  |b nc  |2 rdacarrier 
504 |a Includes bibliographies and indexes. 
650 0 |a Investments  |x Mathematics. 
650 0 |a Bonds. 
650 0 |a Mortgage banks. 
650 0 |a Interest rates. 
650 0 |a Rate of return. 
999 |a MARS 
999 f f |s 94a70bae-9a84-3df6-8f80-256339b63aff  |i 22c1f0f0-3c8f-3f04-b815-bd7f48de49d3  |t 0 
952 f f |p normal  |a Texas A&M University  |b College Station  |c Sterling C. Evans Library  |d Evans: Library Stacks  |t 0  |e HG4515.3 .B54 1987  |h Library of Congress classification  |i unmediated -- volume  |m A14811061812 
998 f f |a HG4515.3 .B54 1987  |t 0  |l Evans: Library Stacks